Composers - Statistics

General Stats
  • This quiz has been taken 82 times
  • The average score is 11 of 16
Answer Stats
Hint Answer % Correct
Rhapsody in BlueConcerto in F An American in Paris George Gershwin
98%
The FirebirdPetrushka The Rite of Spring Igor Stravinsky
88%
Moonlight SonataNinth Symphony The Emperor Ludwig van Beethoven
86%
The NutcrackerSwan Lake 1812 Overture Pyotr Tchaikovsky
86%
Rondo Alla TurcaDon Giovanni Magic Flute Marriage of Figero Wolfgang Amadeus Mozart
86%
Prelude to the Afternoon of a FaunVoiles and The Engulfed Cathedral Claire de Lune Claude Debussy
83%
Italian and ScottishWedding March Songs Without Words Felix Mendelssohn
76%
Transcendental EtudesHungarian Rhapsodies Les Preludes Franz Liszt
76%
AidaRigoletto Requiem Giuseppe Verdi
69%
Die ErlkonigDie Schone Mullerin Winterreise Franz Schubert
62%
Symphony No. 1Jeremiah West Side Story Leonard Bernstein
62%
Second Piano ConcertoThe Isle of the Dead Rhapsody on a Theme of Paganini Sergei Rachmaninoff
57%
A German RequiemWiegenlied "Beethoven's Tenth" Johannes Brahms
52%
Symphony of a ThousandDas Lied von der Erde Symphony #5 Gustav Mahler
50%
Einstein on the BeachSatyagraha Akhnaten Philip Glass
45%
CarnavalSpring Rhenish Robert Schumann
43%
No matching quizzes found
Score Distribution
Percent of People with Each Score
Percentile by Number Answered
Your Score History
You have not taken this quiz